[Event "Offene Hessische Senioren Einzelmeisters"]
[Site "Bad Sooden- Allendorf"]
[Date "2011.05.01"]
[Round "2.59"]
[White "Kalix, Wolfgang"]
[Black "Samarian, Cornel"]
[Result "1-0"]
[WhiteElo "2064"]
[BlackElo "1757"]
[PlyCount "47"]
[EventDate "2011.??.??"]

1. e4 e5 2. Nf3 Nc6 3. Bb5 a6 4. Ba4 Nf6 5. O-O Be7 6. Qe2 b5 7. Bb3 O-O 8. c3
d6 9. d4 exd4 10. cxd4 Na5 11. Bc2 Bg4 12. Nc3 c5 13. e5 Nd7 14. Qe4 f5 15.
Qd5+ Kh8 16. exd6 Bxf3 17. dxe7 Bxd5 18. exd8=Q Raxd8 19. Nxd5 cxd4 20. Bd2 Nc6
21. Nb4 Ncb8 22. Rfe1 Nc5 23. Bg5 Rc8 24. Be7 1-0

[Event "Offene Hessische Senioren Einzelmeisters"]
[Site "Bad Sooden- Allendorf"]
[Date "2011.05.01"]
[Round "2.60"]
[White "Busic, Nedjeljko"]
[Black "Preiß, Gerhard"]
[Result "1-0"]
[WhiteElo "2059"]
[BlackElo "1799"]
[PlyCount "39"]
[EventDate "2011.??.??"]

1. e4 e6 2. d4 d5 3. Nc3 Nf6 4. e5 Nfd7 5. f4 c5 6. Nf3 Nc6 7. dxc5 Bxc5 8. a3
f6 9. Qe2 fxe5 10. fxe5 O-O 11. Bg5 Qa5 12. Bd2 Qd8 13. O-O-O Nd4 14. Nxd4 Bxd4
15. Qg4 Bxe5 16. Qxe6+ Kh8 17. Qxd5 Qf6 18. Bd3 Nc5 19. Qxc5 Bd4 20. Qh5 1-0

[Event "Offene Hessische Senioren Einzelmeisters"]
[Site "Bad Sooden- Allendorf"]
[Date "2011.05.01"]
[Round "2.61"]
[White "Schneider, Miloca"]
[Black "van Houten, Henk"]
[Result "1/2-1/2"]
[WhiteElo "1946"]
[BlackElo "1839"]
[PlyCount "76"]
[EventDate "2011.??.??"]

1. d4 d5 2. c4 e6 3. Nc3 Nf6 4. Bg5 Nbd7 5. e3 Be7 6. Bd3 O-O 7. Nf3 c6 8. O-O
Re8 9. Qc2 Nf8 10. Ne5 N6d7 11. Bxe7 Rxe7 12. f4 f6 13. Nf3 f5 14. Rae1 g6 15.
b4 b6 16. a4 Bb7 17. c5 bxc5 18. bxc5 Qa5 19. Rb1 Nf6 20. Ne5 Rc7 21. Rb2 Ba6
22. Rfb1 N8d7 23. Rb4 Nxe5 24. fxe5 Nd7 25. Ne2 Rcc8 26. Kf2 Bxd3 27. Qxd3 Qd8
28. g3 Rcb8 29. Qa6 Rc8 30. Rb7 Nb8 31. Qd3 a5 32. Nf4 Qe8 33. R1b6 Nd7 34. Ra6
Rcb8 35. Rxb8 Rxb8 36. Qc3 g5 37. Ng2 Qh5 38. Rxc6 Qd1 1/2-1/2

[Event "Offene Hessische Senioren Einzelmeisters"]
[Site "Bad Sooden- Allendorf"]
[Date "2011.05.01"]
[Round "2.62"]
[White "Fleischer, Matthias"]
[Black "Hopp, Dr. Barbara"]
[Result "1-0"]
[WhiteElo "1892"]
[BlackElo "1799"]
[PlyCount "27"]
[EventDate "2011.??.??"]

1. Nf3 d5 2. d4 Nf6 3. e3 Bd7 4. Bd3 Nc6 5. Nbd2 e6 6. O-O Bd6 7. e4 dxe4 8.
Nxe4 Nxe4 9. Bxe4 O-O 10. Bxh7+ Kxh7 11. Ng5+ Kg6 12. f4 Ne7 13. Qg4 e5 14.
Ne6+ 1-0

[Event "Offene Hessische Senioren Einzelmeisters"]
[Site "Bad Sooden- Allendorf"]
[Date "2011.05.01"]
[Round "2.63"]
[White "Hampe, Werner"]
[Black "Schmitthöfer, Herbert"]
[Result "1/2-1/2"]
[WhiteElo "1834"]
[BlackElo "1914"]
[PlyCount "75"]
[EventDate "2011.??.??"]

1. c4 Nf6 2. g3 g6 3. Bg2 Bg7 4. Nc3 O-O 5. e4 d6 6. Nge2 c5 7. O-O Nc6 8. d3
Nh5 9. f4 Bg4 10. Be3 Qc8 11. a3 Nd4 12. Rb1 e5 13. Bxd4 cxd4 14. Nd5 Qd7 15.
Qd2 Kh8 16. f5 f6 17. b4 gxf5 18. exf5 Bxf5 19. Rf2 Bg6 20. h3 f5 21. Rbf1 e4
22. dxe4 fxe4 23. Rxf8+ Rxf8 24. Rxf8+ Bxf8 25. Qxd4+ Bg7 26. Qe3 b6 27. g4 Nf6
28. Nef4 Bf7 29. Nxf6 Bxf6 30. Qxe4 Qc8 31. Bf1 Be5 32. Bd3 Qg8 33. a4 h5 34.
Ng2 hxg4 35. Qxg4 Qxg4 36. hxg4 Be6 37. Be2 Bc3 38. b5 1/2-1/2

[Event "Offene Hessische Senioren Einzelmeisters"]
[Site "Bad Sooden- Allendorf"]
[Date "2011.05.01"]
[Round "2.64"]
[White "Ludwig, Siegfried"]
[Black "Josting, Friedel"]
[Result "0-1"]
[WhiteElo "1630"]
[BlackElo "2023"]
[PlyCount "92"]
[EventDate "2011.??.??"]

1. e4 c5 2. Bc4 e6 3. Nf3 Nc6 4. d4 cxd4 5. Nxd4 a6 6. a3 Qc7 7. Be3 Nf6 8. Nd2
Be7 9. Ba2 O-O 10. c3 b5 11. b4 Bb7 12. Rc1 Ne5 13. Bb1 d5 14. f3 Rac8 15. O-O
Rfd8 16. Qe1 Nc4 17. Nxc4 Qxc4 18. e5 Ne8 19. Qf2 Qc7 20. Qg3 g6 21. Bg5 Ng7
22. f4 Nf5 23. Bxf5 exf5 24. Nxf5 Bxg5 25. Qxg5 Rd7 26. Nd4 Qb6 27. Qg3 Kh8 28.
h4 a5 29. Kh2 axb4 30. axb4 Rdc7 31. Qe3 Re8 32. f5 gxf5 33. Rxf5 Bc8 34. Rf6
Qxf6 35. exf6 Rxe3 36. Nxb5 Rc6 37. Rd1 Rxf6 38. Rxd5 Be6 39. Rd8+ Kg7 40. Rd4
Rf2 41. Kg1 Ree2 42. g4 Rg2+ 43. Kf1 Ref2+ 44. Ke1 Ra2 45. Kf1 Bxg4 46. Rd5 Bh3
0-1

[Event "Offene Hessische Senioren Einzelmeisters"]
[Site "Bad Sooden- Allendorf"]
[Date "2011.05.01"]
[Round "2.66"]
[White "Zoll, Theo"]
[Black "Wieprecht, Gerhard"]
[Result "1-0"]
[WhiteElo "1753"]
[BlackElo "1922"]
[PlyCount "45"]
[EventDate "2011.??.??"]

1. d4 Nf6 2. Bf4 e6 3. Nf3 d5 4. e3 Bd6 5. Ne5 O-O 6. Nd2 c5 7. c3 Nc6 8. Bd3
cxd4 9. exd4 Bd7 10. O-O Rc8 11. Re1 h6 12. Nxf7 Rxf7 13. Bxd6 Ne7 14. Bf4 Ne4
15. Be3 Nxd2 16. Qxd2 Nf5 17. Bf4 Qe7 18. g3 Rcf8 19. Be2 Nh4 20. Qe3 Nf5 21.
Qd3 g5 22. Be5 Nd6 23. Qg6+ 1-0

[Event "Offene Hessische Senioren Einzelmeisters"]
[Site "Bad Sooden- Allendorf"]
[Date "2011.05.01"]
[Round "2.67"]
[White "Gebuhr, Günter"]
[Black "Janzen, Christian"]
[Result "1-0"]
[WhiteElo "1951"]
[BlackElo "1759"]
[PlyCount "53"]
[EventDate "2011.??.??"]

1. e4 e5 2. Nf3 Nc6 3. Bb5 Nf6 4. O-O d6 5. d4 exd4 6. Nxd4 Bd7 7. Nc3 Nxd4 8.
Bxd7+ Qxd7 9. Qxd4 Be7 10. Bf4 O-O 11. Rad1 Qc6 12. h3 Qb6 13. Qd3 a6 14. Be3
Qc6 15. Rfe1 Rfe8 16. Bd4 Rad8 17. Qg3 Kh8 18. Rd2 Rg8 19. Nd5 Qd7 20. Rde2
Rde8 21. Qf3 Bd8 22. Nxf6 gxf6 23. Bxf6+ Bxf6 24. Qxf6+ Rg7 25. Qf5 Qe7 26. e5
Rg6 27. exd6 1-0

[Event "Offene Hessische Senioren Einzelmeisters"]
[Site "Bad Sooden- Allendorf"]
[Date "2011.05.01"]
[Round "2.68"]
[White "Bangert, Rüdiger"]
[Black "Schulz, Eugen"]
[Result "1/2-1/2"]
[WhiteElo "1684"]
[BlackElo "1978"]
[PlyCount "86"]
[EventDate "2011.??.??"]

1. d4 Nf6 2. c4 e5 3. dxe5 Ng4 4. Nf3 Bc5 5. e3 Nc6 6. h3 Ngxe5 7. Nxe5 Nxe5 8.
Be2 O-O 9. O-O d6 10. Nd2 Be6 11. b3 a5 12. Nf3 Qe7 13. Nxe5 dxe5 14. Bf3 c6
15. a4 Rad8 16. Qe2 Bb4 17. Rd1 Rxd1+ 18. Qxd1 Rd8 19. Qe2 Bc8 20. e4 Qd6 21.
Be3 Bc3 22. Rd1 Bd4 23. Bxd4 exd4 24. Rd3 Qe5 25. Bg4 f5 26. exf5 Qxe2 27. Bxe2
Bxf5 28. Rd2 c5 29. Bd3 Bd7 30. Re2 Re8 31. Be4 b6 32. Bd5+ Kf8 33. Rxe8+ Kxe8
34. Be4 Kf7 35. Kf1 Kf6 36. Bxh7 g6 37. Bg8 Bf5 38. Bd5 Bc2 39. Bc6 Bxb3 40.
Bb5 Ke6 41. Ke2 Bc2 42. g3 g5 43. Kd2 Be4 1/2-1/2

[Event "Offene Hessische Senioren Einzelmeisters"]
[Site "Bad Sooden- Allendorf"]
[Date "2011.05.01"]
[Round "2.69"]
[White "Millen, Ernst"]
[Black "Pastowski, Werner"]
[Result "1/2-1/2"]
[WhiteElo "1953"]
[BlackElo "1804"]
[PlyCount "75"]
[EventDate "2011.??.??"]

1. c4 c5 2. Nc3 Nc6 3. g3 g6 4. d3 Bg7 5. Bd2 d6 6. Bg2 Nf6 7. Rb1 O-O 8. a3
Rb8 9. b4 cxb4 10. axb4 Bd7 11. e3 Qc8 12. b5 Ne5 13. Qe2 Bf5 14. e4 Be6 15. h3
Ned7 16. Nf3 b6 17. Nd4 Ne5 18. Be3 Nfd7 19. f4 Nxd3+ 20. Qxd3 Bxc4 21. Qd2 Nc5
22. Nc6 Rb7 23. Bxc5 dxc5 24. e5 Rd7 25. Qe3 e6 26. Rd1 Rxd1+ 27. Kxd1 Qd7+ 28.
Qd2 Qc7 29. Qd6 Qxd6+ 30. exd6 Bxc3 31. Kc2 Bf6 32. Nxa7 Bd5 33. Bxd5 exd5 34.
Nc6 Ra8 35. d7 Kf8 36. Re1 d4 37. g4 h6 38. h4 1/2-1/2

[Event "Offene Hessische Senioren Einzelmeisters"]
[Site "Bad Sooden- Allendorf"]
[Date "2011.05.01"]
[Round "2.70"]
[White "Barlo, Werner"]
[Black "Graffenberger, Wilhelm"]
[Result "1-0"]
[WhiteElo "1901"]
[BlackElo "1762"]
[PlyCount "59"]
[EventDate "2011.??.??"]

1. d4 d5 2. c4 c6 3. Nc3 Nf6 4. e3 Bf5 5. Nf3 e6 6. cxd5 exd5 7. a3 Bd6 8. Bd3
Ne4 9. h3 O-O 10. O-O Nd7 11. Qc2 Ndf6 12. Nh4 Qd7 13. Nxf5 Qxf5 14. f3 Qg5 15.
fxe4 dxe4 16. Nxe4 Nxe4 17. Bxe4 Qg3 18. Bf3 Rae8 19. Bd2 Re6 20. e4 Rfe8 21.
e5 Rxe5 22. dxe5 Bxe5 23. Be3 Qh2+ 24. Kf2 Qg3+ 25. Ke2 Bd4 26. Qd3 Qf4 27. Be4
Qxe4 28. Qxe4 Rxe4 29. Kd3 Rxe3+ 30. Kxd4 1-0

[Event "Offene Hessische Senioren Einzelmeisters"]
[Site "Bad Sooden- Allendorf"]
[Date "2011.05.01"]
[Round "2.71"]
[White "Klein, Alfred"]
[Black "Didzuhn, Dr. Werner"]
[Result "0-1"]
[WhiteElo "1737"]
[BlackElo "1930"]
[PlyCount "51"]
[EventDate "2011.??.??"]

1. c4 e6 2. Nc3 f5 3. g3 Nf6 4. Bg2 d5 5. cxd5 exd5 6. Nf3 d4 7. Qa4+ Nc6 8.
Nb5 Bc5 9. Na3 Be6 10. Ne5 Bd5 11. Nxc6 bxc6 12. O-O O-O 13. d3 Bxg2 14. Kxg2
Qd5+ 15. Kg1 Rae8 16. Re1 Re6 17. Nc4 Rfe8 18. Qc2 Bb4 19. e4 fxe4 20. dxe4
Nxe4 21. Bd2 Nxd2 22. Rxe6 Nf3+ 23. Kf1 Nxh2+ 24. Kg1 Nf3+ 25. Kf1 Rxe6 26. Rd1
0-1

[Event "Offene Hessische Senioren Einzelmeisters"]
[Site "Bad Sooden- Allendorf"]
[Date "2011.05.01"]
[Round "2.72"]
[White "Fromme, Werner"]
[Black "Preiß, Lore"]
[Result "0-1"]
[WhiteElo "1935"]
[BlackElo "1473"]
[PlyCount "116"]
[EventDate "2011.??.??"]

1. d4 d5 2. Nf3 Nf6 3. g3 Bf5 4. Bg2 c6 5. O-O h6 6. Re1 e6 7. Nbd2 Be7 8. Ne5
Nbd7 9. Nxd7 Qxd7 10. c3 O-O 11. Nf1 Rad8 12. b4 Bd6 13. f4 b6 14. a3 c5 15.
Bb2 c4 16. a4 a6 17. Nd2 b5 18. a5 Qb7 19. Nf1 Rfe8 20. Bf3 Be4 21. Kg2 Bg6 22.
e3 Be4 23. Nd2 Bf8 24. h3 Bxf3+ 25. Qxf3 Ne4 26. Qe2 f5 27. Nxe4 fxe4 28. Rh1
Bd6 29. Raf1 Rf8 30. Bc1 Qf7 31. Bd2 Qg6 32. Kh2 Kf7 33. Rhg1 Ke7 34. Kh1 Kd7
35. Be1 Rh8 36. g4 Qh7 37. Kg2 g6 38. Bg3 Rhf8 39. Rf2 Rf7 40. Kf1 Rdf8 41. Ke1
Kc6 42. Qf1 g5 43. Rgg2 Qg6 44. f5 exf5 45. Bxd6 Kxd6 46. Rxf5 Rxf5 47. gxf5
Rxf5 48. Rf2 Ke6 49. Rxf5 Qxf5 50. Qxf5+ Kxf5 51. Kf2 h5 52. Kg2 h4 53. Kh2 g4
54. Kg2 gxh3+ 55. Kxh3 Kg5 56. Kh2 Kg4 57. Kg2 h3+ 58. Kf2 h2 0-1

[Event "Offene Hessische Senioren Einzelmeisters"]
[Site "Bad Sooden- Allendorf"]
[Date "2011.05.01"]
[Round "2.73"]
[White "Maczollek, Helmut"]
[Black "Micheel, Peter"]
[Result "1/2-1/2"]
[WhiteElo "1685"]
[BlackElo "1989"]
[PlyCount "40"]
[EventDate "2011.??.??"]

1. d4 Nf6 2. Nf3 c5 3. e3 e6 4. Bd3 Nc6 5. a3 d5 6. b3 a6 7. Bb2 b5 8. c4 bxc4
9. bxc4 Rb8 10. Qc2 dxc4 11. Bxc4 Qb6 12. Bc3 Be7 13. O-O cxd4 14. Nxd4 O-O 15.
Nd2 Nxd4 16. Bxd4 Qc6 17. Bd3 $11 Qxc2 18. Bxc2 Bd7 19. a4 Rfc8 20. Bd3 a5
1/2-1/2

[Event "Offene Hessische Senioren Einzelmeisters"]
[Site "Bad Sooden- Allendorf"]
[Date "2011.05.01"]
[Round "2.74"]
[White "Lüders, Dr. Günther"]
[Black "Borkenhagen, Bernd"]
[Result "0-1"]
[WhiteElo "1870"]
[BlackElo "1724"]
[PlyCount "84"]
[EventDate "2011.??.??"]

1. d4 d5 2. Nf3 e6 3. b3 Be7 4. Bb2 Nf6 5. e3 Nbd7 6. Be2 a6 7. O-O O-O 8. Nbd2
c6 9. c4 Qc7 10. Rc1 Qd8 11. cxd5 cxd5 12. Ne5 h6 13. Qc2 Bd6 14. f4 Nb6 15. a4
Bd7 16. Qb1 Rc8 17. Rc2 Rxc2 18. Qxc2 Qb8 19. Qb1 Rc8 20. Ndf3 Ne4 21. a5 Bxe5
22. fxe5 Na8 23. Bd3 Bb5 24. Bxb5 axb5 25. Qd3 Nc7 26. Nd2 Nxd2 27. Qxd2 b6 28.
Qf2 bxa5 29. Qxf7+ Kh8 30. Qd7 Rf8 31. Rxf8+ Qxf8 32. Qxc7 Qf5 33. Qc1 Qd3 34.
Bc3 b4 35. Be1 Qxb3 36. h3 Qc4 37. Qa1 Qe2 38. Bf2 b3 39. Qb1 Qc2 40. Qe1 b2
41. Qxa5 b1=Q+ 42. Kh2 Qxf2 0-1

[Event "Offene Hessische Senioren Einzelmeisters"]
[Site "Bad Sooden- Allendorf"]
[Date "2011.05.01"]
[Round "2.75"]
[White "Auerswald, Dr. Gottfried"]
[Black "Scholze, Roland"]
[Result "0-1"]
[WhiteElo "1703"]
[BlackElo "1986"]
[PlyCount "116"]
[EventDate "2011.??.??"]

1. e4 g6 2. d4 Bg7 3. Nf3 d6 4. Bc4 Nf6 5. Nc3 O-O 6. O-O Bg4 7. Qd3 Nc6 8. a3
Bxf3 9. gxf3 e5 10. Be3 Nh5 11. d5 Ne7 12. Qd2 f5 13. f4 fxe4 14. fxe5 Bxe5 15.
Nxe4 Nf5 16. Bg5 Qd7 17. Be2 Nfg7 18. f4 Bf6 19. Nxf6+ Nxf6 20. Qd3 Nf5 21.
Bxf6 Rxf6 22. Bg4 Raf8 23. Rae1 Qf7 24. Qe4 Kg7 25. c4 h5 26. Bh3 Kh6 27. Re2
Ng7 28. Ref2 Re8 29. Qc2 Nf5 30. Bxf5 Rxf5 31. Qd2 Qe7 32. Qd4 c5 33. dxc6 bxc6
34. b4 c5 35. Qd3 Qf6 36. Qd2 Re4 37. Qc1 Qd4 38. Rd1 Qxc4 39. Qb2 Rd4 40. Rxd4
cxd4 41. Rc2 Qd3 42. Rf2 Qe3 43. Qd2 Qxd2 44. Rxd2 Rxf4 45. Rd3 Kg5 46. a4 Kf5
47. b5 Ke4 48. Rg3 Rf6 49. Rb3 d5 50. a5 d3 51. b6 axb6 52. axb6 Rf8 53. b7 Rb8
54. Kf2 Kd4 55. h3 Kc4 56. Rb1 d2 57. Ke2 Kc3 58. Kd1 Re8 0-1

[Event "Offene Hessische Senioren Einzelmeisters"]
[Site "Bad Sooden- Allendorf"]
[Date "2011.05.01"]
[Round "2.76"]
[White "Brandt, Fred"]
[Black "Mittelstaedt, Ewald"]
[Result "1-0"]
[WhiteElo "1873"]
[BlackElo "1684"]
[PlyCount "99"]
[EventDate "2011.??.??"]

1. d4 d5 2. Nf3 Nf6 3. e3 Bg4 4. Be2 e6 5. Nbd2 Nbd7 6. O-O Bd6 7. c4 c6 8. h3
Bh5 9. b3 O-O 10. Bb2 h6 11. Qc2 e5 12. dxe5 Nxe5 13. Rfe1 Bg6 14. Qc3 Nxf3+
15. Bxf3 Re8 16. b4 Be5 17. Qb3 Bxb2 18. Qxb2 Ne4 19. Rad1 Qh4 20. Bxe4 dxe4
21. Nb3 Qe7 22. a3 b6 23. Rd2 Rad8 24. Nd4 Qc7 25. Red1 a6 26. Ne2 Rd3 27. Nf4
Rxd2 28. Qxd2 Bf5 29. Qd4 c5 30. Qd5 Bc8 31. bxc5 bxc5 $11 32. Qd2 g6 33. Nd5
Qe5 34. Qa5 Qd6 35. Rb1 Kg7 36. Rb6 Qf8 37. Qc3+ f6 38. Rxf6 Qh8 39. Rxa6+ Kf7
40. Ra7+ Ke6 41. Nf4+ Kf5 42. Rf7+ Kg5 43. h4+ Kg4 44. Qd2 Qa1+ 45. Kh2 Kxh4
46. g3+ Kg5 47. Qd5+ Bf5 48. Nxg6 Qf6 49. Rxf6 Kxf6 50. Nf4 1-0

[Event "Offene Hessische Senioren Einzelmeisters"]
[Site "Bad Sooden- Allendorf"]
[Date "2011.05.01"]
[Round "2.77"]
[White "Ludwig, Richard"]
[Black "Mewes, Hans-Dieter"]
[Result "0-1"]
[WhiteElo "1716"]
[BlackElo "1938"]
[PlyCount "60"]
[EventDate "2011.??.??"]

1. e4 c5 2. c3 d5 3. exd5 Qxd5 4. d4 e6 5. Nf3 Nf6 6. Bd3 c4 7. Qa4+ b5 8. Qc2
cxd3 9. Qxd3 Ba6 10. Qc2 b4 11. Nbd2 bxc3 12. bxc3 Bd6 13. c4 Qc6 14. O-O O-O
15. Re1 Bb7 16. Qb3 Nbd7 17. Bb2 Rfe8 18. Rac1 Bf4 19. d5 exd5 20. Rxe8+ Rxe8
21. Nd4 Qb6 22. Qc3 dxc4 23. Rd1 Bd5 24. N4f3 Qc6 25. h3 Be5 26. Nxe5 Nxe5 27.
Nf3 Nxf3+ 28. gxf3 Bxf3 29. Rf1 Qe4 30. Kh2 Qf4+ 0-1

[Event "Offene Hessische Senioren Einzelmeisters"]
[Site "Bad Sooden- Allendorf"]
[Date "2011.05.01"]
[Round "2.78"]
[White "Roth, Reinhard"]
[Black "Krause, Werner"]
[Result "1-0"]
[WhiteElo "1912"]
[BlackElo "1695"]
[PlyCount "57"]
[EventDate "2011.??.??"]

1. e4 e5 2. d4 exd4 3. Qxd4 Nc6 4. Qe3 Nf6 5. Bd2 Bb4 6. Nc3 O-O 7. O-O-O Re8
8. Qg3 a6 9. h4 Nxe4 10. Nxe4 Rxe4 11. c3 Be7 12. Qd3 Rxh4 13. Rxh4 Bxh4 14. g3
Bf6 15. f4 d6 16. Be2 Be6 17. b3 Qd7 18. Qf3 g6 19. g4 Re8 20. Nh3 Ne7 21. Rg1
Qc6 22. Qd3 Qd5 23. Qc2 h5 24. f5 Bd7 25. fxg6 Nxg6 26. Bc4 Qf3 27. Qxg6+ Bg7
28. Ng5 Bxg4 29. Nxf3 1-0

[Event "Offene Hessische Senioren Einzelmeisters"]
[Site "Bad Sooden- Allendorf"]
[Date "2011.05.01"]
[Round "2.79"]
[White "Klose, Hans-Peter"]
[Black "Schütze, Manfred"]
[Result "0-1"]
[WhiteElo "1729"]
[BlackElo "1913"]
[PlyCount "90"]
[EventDate "2011.??.??"]

1. Nf3 Nf6 2. c4 e6 3. Nc3 b6 4. g3 Bb7 5. Bg2 Be7 6. O-O O-O 7. d3 d6 8. e4
Nbd7 9. Re1 a6 10. h3 c5 11. b3 Re8 12. Bb2 h6 13. Qc2 Rb8 14. Rad1 e5 15. Nd5
Bf8 16. Bc1 g6 17. Be3 Bg7 18. Qc1 Kh7 19. Nh2 Bc8 20. Rf1 Nxd5 21. cxd5 Nf6
22. f3 Ng8 23. Qd2 Rf8 24. f4 f5 25. Rf2 exf4 26. Bxf4 Bd4 27. Be3 Be5 28. Rf3
Ne7 29. Kh1 g5 30. Bxg5 hxg5 31. Qxg5 Ng6 32. h4 Qxg5 33. hxg5 Kg7 34. Bh3 fxe4
35. Rxf8 Nxf8 36. Bxc8 Rxc8 37. dxe4 Bxg3 38. Rg1 Be5 39. Ng4 Ng6 40. Nh6 Rf8
41. Nf5+ Kf7 42. Rf1 Ke8 43. Rf3 Rh8+ 44. Nh6 Bg7 45. Kg1 Bxh6 0-1

[Event "Offene Hessische Senioren Einzelmeisters"]
[Site "Bad Sooden- Allendorf"]
[Date "2011.05.01"]
[Round "2.80"]
[White "Kühnl, Bernd"]
[Black "Schumacher, Ursula"]
[Result "0-1"]
[WhiteElo "1892"]
[BlackElo "1667"]
[PlyCount "68"]
[EventDate "2011.??.??"]

1. d4 c6 2. c4 d5 3. Nf3 Nf6 4. Nc3 e6 5. e3 Nbd7 6. Bd3 Be7 7. O-O Qc7 8. cxd5
Nxd5 9. Bd2 a6 10. Rc1 O-O 11. e4 Nf4 12. Bb1 Ng6 13. Re1 Qd8 14. e5 Nb6 15.
Ne4 Nd5 16. Nfg5 h6 17. Nxf7 Kxf7 18. Nd6+ Bxd6 19. Qh5 Nde7 20. exd6 Qxd6 21.
Re5 Qxd4 22. Bc3 Qf4 23. Rd1 Qh4 24. Qe2 Nxe5 25. Qxe5 Qg5 26. Qe4 Qf5 27. Qd4
Qg5 $11 28. h4 Qf6 29. Qg4 e5 30. Qh5+ Kg8 31. Qxe5 Qxf2+ 32. Kh2 Qxh4+ 33. Kg1
Qf2+ 34. Kh2 Qf4+ 0-1

[Event "Offene Hessische Senioren Einzelmeisters"]
[Site "Bad Sooden- Allendorf"]
[Date "2011.05.01"]
[Round "2.81"]
[White "Wolff, Heinz"]
[Black "Willms, Willi"]
[Result "1/2-1/2"]
[WhiteElo "1613"]
[BlackElo "1939"]
[PlyCount "49"]
[EventDate "2011.??.??"]

1. d4 d5 2. Nf3 Nf6 3. c4 e6 4. Nc3 c6 5. e3 Nbd7 6. a3 Bd6 7. c5 Bb8 8. g3 O-O
9. Bg2 Re8 10. b4 a6 11. O-O e5 12. dxe5 Nxe5 13. Nxe5 Bxe5 14. Qc2 Ne4 15. Bb2
Bf5 16. Nxe4 Bxb2 17. Qxb2 dxe4 18. Rad1 Qc7 19. Rd2 Rad8 20. Rfd1 Rd3 21. Rxd3
exd3 22. e4 Bxe4 23. Bxe4 Rxe4 24. Rxd3 h5 25. Qd2 1/2-1/2

[Event "Offene Hessische Senioren Einzelmeisters"]
[Site "Bad Sooden- Allendorf"]
[Date "2011.05.01"]
[Round "2.82"]
[White "Alvarez, Luis"]
[Black "Wilfert, Eva-Maria"]
[Result "1/2-1/2"]
[WhiteElo "1869"]
[BlackElo "1743"]
[PlyCount "59"]
[EventDate "2011.??.??"]

1. e4 e6 2. d4 b6 3. Nf3 Bb7 4. Bd3 d6 5. O-O Nf6 6. Re1 Be7 7. Bf4 O-O 8. Nbd2
Nbd7 9. c3 c5 10. Nf1 cxd4 11. cxd4 Rc8 12. Ng3 Re8 13. h3 Nf8 14. Qe2 Ng6 15.
Bd2 Nd7 16. Rad1 Nh4 17. Bc3 Nxf3+ 18. Qxf3 Bf8 19. Bb1 g6 20. Qe3 Bg7 21. Qd3
Nf6 22. f4 Qd7 23. f5 exf5 24. exf5 Rxe1+ $11 25. Rxe1 Qc6 26. Qf1 Qd7 27. fxg6
fxg6 28. Bd3 Bc6 29. Bc4+ d5 30. Bd3 1/2-1/2

[Event "Offene Hessische Senioren Einzelmeisters"]
[Site "Bad Sooden- Allendorf"]
[Date "2011.05.01"]
[Round "2.83"]
[White "Köhler, Marianne"]
[Black "Meyer, Walter"]
[Result "0-1"]
[WhiteElo "1661"]
[BlackElo "1889"]
[PlyCount "65"]
[EventDate "2011.??.??"]

1. e4 c5 2. Bc4 d6 3. Nc3 Nf6 4. Be2 g6 5. Bf3 Nc6 6. Nge2 Bg7 7. O-O O-O 8. d3
Ne5 9. Ng3 Nxf3+ 10. Qxf3 Bg4 11. Qe3 Bd7 12. Qe1 a6 13. Bd2 b5 14. Qc1 b4 15.
Nce2 Ng4 16. f4 f5 17. h3 Nh6 18. e5 Nf7 19. exd6 exd6 20. a3 a5 21. axb4 axb4
22. Rxa8 Qxa8 23. Qb1 Qa6 24. Kh2 Ra8 25. b3 Qa2 26. Be3 Ra3 27. Qxa2 Rxa2 28.
Rc1 Bc6 29. Kg1 h5 30. Kf1 Bf6 31. Bf2 h4 32. Nh1 Bxg2+ 33. Kxg2 {
weitere 19 Züge nicht rekonstruierbar} 0-1

[Event "Offene Hessische Senioren Einzelmeisters"]
[Site "Bad Sooden- Allendorf"]
[Date "2011.05.01"]
[Round "2.85"]
[White "von Janta, Lothar"]
[Black "Lübbers, Dr. Doris"]
[Result "1-0"]
[WhiteElo "1993"]
[BlackElo "1602"]
[PlyCount "73"]
[EventDate "2011.??.??"]

1. c4 c5 2. Nc3 e6 3. g3 Nf6 4. Bg2 Be7 5. d3 d6 6. Nf3 O-O 7. O-O Qd7 8. e4
Nc6 9. Bg5 Rb8 10. a3 b6 11. Rb1 h6 12. Bd2 Bb7 13. Ne2 Qc7 14. Qc1 Ne5 15. Ne1
Kh7 16. f4 Ng6 17. Bh3 Bc8 18. g4 Ng8 19. Nf3 f6 20. Qe1 Rf7 21. Qg3 Bd8 22.
Bg2 Qe7 23. h4 Nf8 24. Nc3 Bd7 25. Rbe1 Bc7 26. g5 fxg5 27. hxg5 g6 28. gxh6
Rf6 29. Ng5+ Kxh6 30. f5 Kg7 31. Nf3 Qd8 32. Bg5 exf5 33. Nd5 Rc8 34. Qh4 fxe4
35. Rxe4 Bf5 36. Bxf6+ Nxf6 37. Re7+ 1-0

[Event "Offene Hessische Senioren Einzelmeisters"]
[Site "Bad Sooden- Allendorf"]
[Date "2011.05.01"]
[Round "2.86"]
[White "Fritsche, Rainer"]
[Black "Tomas, Johann"]
[Result "1/2-1/2"]
[WhiteElo "1657"]
[BlackElo "1914"]
[PlyCount "87"]
[EventDate "2011.??.??"]

1. d4 d5 2. Bf4 e6 3. Nf3 Bd6 4. e3 Bxf4 5. exf4 Nd7 6. Bd3 Ne7 7. O-O Ng6 8.
g3 Nf6 9. Nbd2 c6 10. Ne5 Qb6 11. Nb3 O-O 12. Rb1 Qd8 13. Nd2 Bd7 14. c3 Rc8
15. b4 b5 16. a4 a6 17. a5 Rc7 18. Rc1 Be8 19. Nb3 Nd7 20. Nxd7 Qxd7 21. Nc5
Qc8 22. Qc2 f5 23. Rfe1 Bf7 24. Be2 Ra7 25. Bh5 Re8 26. Re2 Kh8 27. Rce1 Nxf4
28. Bxf7 Nxe2+ 29. Qxe2 Rxf7 30. f4 Rf6 31. Kg2 Rg6 32. Qe5 h6 33. h4 Qd8 34.
Kh3 Qc8 35. Re3 Kh7 36. Rf3 Rf6 37. Re3 Re7 38. Re1 Qe8 39. Qe2 Qc8 40. Qe5 Rg6
41. Re3 Kh8 42. Re1 h5 43. Re3 Rh6 44. Re1 1/2-1/2

[Event "Offene Hessische Senioren Einzelmeisters"]
[Site "Bad Sooden- Allendorf"]
[Date "2011.05.01"]
[Round "2.87"]
[White "Klüver, Horst"]
[Black "Wauer, Klaus"]
[Result "1-0"]
[WhiteElo "1902"]
[BlackElo "1835"]
[PlyCount "41"]
[EventDate "2011.??.??"]

1. e4 c5 2. Nf3 e6 3. d4 cxd4 4. Nxd4 a6 5. Be3 Nc6 6. Nb3 Nf6 7. N1d2 Qc7 8.
f4 d6 9. c3 Be7 10. Qf3 b5 11. Be2 Bb7 12. Qg3 g6 13. O-O e5 14. fxe5 Nxe5 15.
Bf3 Nc4 16. Nxc4 Qxc4 17. Na5 Qd3 18. Bd4 Bxe4 19. Rad1 Qc2 20. Bxf6 Bxf3 21.
Qxf3 1-0

[Event "Offene Hessische Senioren Einzelmeisters"]
[Site "Bad Sooden- Allendorf"]
[Date "2011.05.01"]
[Round "2.88"]
[White "Grüneschild, Hildegard"]
[Black "Ninic, Milutin"]
[Result "1/2-1/2"]
[WhiteElo "1634"]
[BlackElo "1890"]
[PlyCount "65"]
[EventDate "2011.??.??"]

1. c4 Nf6 2. Nc3 g6 3. g3 Bg7 4. Bg2 O-O 5. Nf3 c5 6. d4 cxd4 7. Nxd4 Nc6 8. e3
a6 9. O-O e6 10. Nxc6 bxc6 11. Qc2 Rb8 12. Bd2 Qc7 13. Rac1 Bb7 14. b3 Rfc8 15.
c5 Nd5 16. Ne4 Ba8 17. Nd6 Rd8 18. e4 Ne7 19. Bf4 e5 20. Bg5 Nc8 21. Bxd8 Qxd8
22. Qc4 Nxd6 23. cxd6 Bb7 24. Qc5 Qf6 25. Rcd1 Bf8 26. f4 Re8 27. Bh3 Bc8 28.
Bg2 Re6 29. fxe5 Qxe5 30. Qxe5 Rxe5 31. Rfe1 Bb7 32. Bh3 Bc8 33. Bf1 1/2-1/2

[Event "Offene Hessische Senioren Einzelmeisters"]
[Site "Bad Sooden- Allendorf"]
[Date "2011.05.01"]
[Round "2.89"]
[White "Claus, Joachim"]
[Black "Girod, Gudrun"]
[Result "1-0"]
[WhiteElo "1855"]
[BlackElo "1568"]
[PlyCount "95"]
[EventDate "2011.??.??"]

1. d4 d5 2. c4 e6 3. Nf3 Nf6 4. g3 Be7 5. Bg2 c6 6. O-O O-O 7. Qc2 dxc4 8. Nbd2
Nbd7 9. Nxc4 Nb6 10. Bf4 Nxc4 11. Qxc4 Nd5 12. Bd2 Bf6 13. a4 a5 14. Rfd1 Bd7
15. Qc2 Qb6 16. e3 Rac8 17. Qc5 Qxc5 18. dxc5 Bxb2 19. Rab1 Bc3 20. Rxb7 Be8
21. Ra7 Bxd2 22. Rxd2 Rb8 23. Rxa5 Rb1+ 24. Bf1 f6 25. Ra8 Bh5 26. Rxf8+ Kxf8
27. Nd4 Rc1 28. Kg2 Be8 29. Nxe6+ Kf7 30. Nd4 Rxc5 31. Rc2 Rxc2 32. Nxc2 Nc7
33. a5 c5 34. a6 Bc6+ 35. f3 Ke7 36. e4 g6 37. Ne3 Kd6 38. a7 Ba8 39. Bc4 Kc6
40. Nd5 Ne6 41. Ba6 Nc7 42. Bc4 Ne8 43. Kf2 Nd6 44. Ba6 Nb5 45. Bxb5+ Kxb5 46.
Ke2 c4 47. Kd2 Kc5 48. Kc3 1-0